000 00871nam a2200241 i 4500
001 66507
003 ES-MaACL
005 20230908192500.0
007 t|
008 030527s2003 sp ||||0| spa d
020 _a84-8069-315-0
040 _aM-BN
_bspa
_cM-BN
080 _a929 Blasco y Soler, Eusebio
100 1 _aFaci Ballabriga, Mariano Alejandro.
_948596
245 1 0 _aDon Eusebio Blasco y Soler
_b: zaragozano, aragonés y pilarista /
_cMariano A. Faci Ballabriga.
260 _a[Zaragoza] :
_bAyuntamiento de Zaragoza, Servicio de Cultura,
_c[2003]
300 _a519 p., [25] p. de lám. col :
_bil ;
_c25 cm.
600 1 4 _aBlasco, Eusebio,
_d1844-1903-
_vBiografías
_929405
700 1 _aBlasco, Eusebio,
_d1844-1903
_9126018
710 1 _aZaragoza.
_bAyuntamiento.
_97583
852 _aES-MaACL
_jL-26998
_bR.132707
999 _c66507
_d66507